Online Catalogue and eLibrary

Antharjathika prawrthi ayathna (Record no. 1112)

MARC details
000 -LEADER
fixed length control field 00384nam a2200157Ia 4500
005 - DATE AND TIME OF LATEST TRANSACTION
control field 20250520030651.0
008 - FIXED-LENGTH DATA ELEMENTS--GENERAL INFORMATION
fixed length control field 240331s9999 xx 000 0 und d
020 ## - INTERNATIONAL STANDARD BOOK NUMBER
ISBN 9559524542
082 ## - DDC Classification
Class No. 302.23
Item Number - Author Mark KAR
100 ## - MAIN ENTRY--PERSONAL NAME
Personal name Kariyawasam, T
245 #0 - TITLE STATEMENT
Title Antharjathika prawrthi ayathna
260 ## - PUBLICATION, DISTRIBUTION, ETC.
Place of publication, distribution, etc. Colombo
Name of publisher, distributor, etc. S. Godage & Brother
Date of publication, distribution, etc. 1993
300 ## - PHYSICAL DESCRIPTION
Extent (e.g. Volumes, Pages etc.) 128 p .,
650 ## - SUBJECT ADDED ENTRY--TOPICAL TERM
Topical term or geographic name entry element Media
942 ## - Koha item type (Biblio)
Koha item type Books in Stacks (Lending)
Holdings
Lost status Damaged status Collection code Home library Current library Shelving location Date acquired Full call number Accession Number Item type
    Lending WERC Library WERC Library Social Science Cupboard 03/31/2024 302.23 KAR 3103 Books in Stacks (Lending)

© WERC Library